000 00536nam a2200229Ia 4500
003 OSt
005 20220918200903.0
006 a|||||r|||| 00| 0
007 ta
008 220917b |||||||| |||| 00| 0 eng d
024 _a90,698
037 _cTextual
040 _aARTS
_cARTS
_beng
041 _2eng
_aeng
082 _aVv, M5
100 _aLacapra Dominick
245 0 _aHistory and criticism
260 _c1985
650 _aHISTORY
942 _hVv, M5
_cTEXL
_2CC
999 _c214359
_d214359